|
|
|
|
| LEADER |
00766nam a22001817a 4500 |
| 008 |
181009b xxu||||| |||| 00| 0 eng d |
| 999 |
|
|
|c 24764
|d 24764
|
| 082 |
|
|
|a 894.1307
|b ANA/RAT
|
| 100 |
|
|
|a രരി വി. കെ.
|
| 240 |
|
|
|a Anand vyakthiyum bharanavum /
|
| 245 |
|
|
|a ആനന്ദ് വ്യക്തിയും ഭരണകൂടവും /
|c രതി വി. കെ.
|
| 250 |
|
|
|a 1st ed.
|
| 260 |
|
|
|a തൃശ്ശൂര് :
|b മലയാളപഠനഗവേഷണകേന്ദ്രം,
|c 2004.
|
| 300 |
|
|
|a 79p.
|
| 650 |
|
|
|a Study
|
| 700 |
|
|
|a Rathi V. K.
|
| 942 |
|
|
|2 ddc
|c BK
|
| 952 |
|
|
|0 0
|1 0
|2 ddc
|4 0
|6 894_130700000000000_ANA_RAT
|7 0
|9 33905
|a MAIN
|b MAIN
|d 2018-10-09
|e Gift
|g 55.00
|l 1
|o 894.1307 ANA/RAT
|p 6545
|r 2020-01-28
|s 2019-12-31
|t 1
|w 2018-10-09
|y BK
|